Optimization of Nanostructuring Burnishing Technological Parameters by Taguchi Method; IOP Conference Series: Materials Science and Engineering; Vol. 124 : Mechanical Engineering, Automation and Control Systems (MEACS2015)

Detalhes bibliográficos
Parent link:IOP Conference Series: Materials Science and Engineering
Vol. 124 : Mechanical Engineering, Automation and Control Systems (MEACS2015).— 2016.— [012022, 6 p.]
Autor Corporativo: Национальный исследовательский Томский политехнический университет (ТПУ) Институт кибернетики (ИК) Кафедра технологии автоматизированного машиностроительного производства (ТАМП)
Outros Autores: Kuznetsov V. P. Viktor Pavlovich, Dmitriev A. I. Andrey Ivanovich, Anisimova G. S., Semenova Yu. V.
Resumo:Title screen
On the basis of application of Taguchi optimization method, an approach for researching influence of nanostructuring burnishing technological parameters, considering the surface layer microhardness criterion, is developed. Optimal values of burnishing force, feed and number of tool passes for hardened steel AISI 420 hardening treatment are defined.
Idioma:inglês
Publicado em: 2016
Colecção:Integrated Computer Control Systems in Mechanical Engineering
Assuntos:
Acesso em linha:http://dx.doi.org/10.1088/1757-899X/124/1/012022
http://earchive.tpu.ru/handle/11683/33832
Formato: MixedMaterials Recurso Electrónico Capítulo de Livro
KOHA link:https://koha.lib.tpu.ru/cgi-bin/koha/opac-detail.pl?biblionumber=648496

MARC

LEADER 00000nla2a2200000 4500
001 648496
005 20231101134524.0
035 |a (RuTPU)RU\TPU\network\13655 
035 |a RU\TPU\network\13650 
090 |a 648496 
100 |a 20160523a2016 k y0engy50 ba 
101 0 |a eng 
102 |a GB 
105 |a y z 100zy 
135 |a drcn ---uucaa 
181 0 |a i  
182 0 |a b 
200 1 |a Optimization of Nanostructuring Burnishing Technological Parameters by Taguchi Method  |f V. P. Kuznetsov [et al.] 
203 |a Text  |c electronic 
225 1 |a Integrated Computer Control Systems in Mechanical Engineering 
300 |a Title screen 
320 |a [References: 6 tit.] 
330 |a On the basis of application of Taguchi optimization method, an approach for researching influence of nanostructuring burnishing technological parameters, considering the surface layer microhardness criterion, is developed. Optimal values of burnishing force, feed and number of tool passes for hardened steel AISI 420 hardening treatment are defined. 
461 0 |0 (RuTPU)RU\TPU\network\2008  |t IOP Conference Series: Materials Science and Engineering 
463 0 |0 (RuTPU)RU\TPU\network\13617  |t Vol. 124 : Mechanical Engineering, Automation and Control Systems (MEACS2015)  |o International Conference, 1–4 December 2015, Tomsk, Russia  |o [proceedings]  |v [012022, 6 p.]  |d 2016 
610 1 |a электронный ресурс 
610 1 |a труды учёных ТПУ 
610 1 |a оптимизация 
610 1 |a технологические параметры 
610 1 |a метод Тагучи 
610 1 |a наноструктурирование 
610 1 |a микротвердость 
610 1 |a поверхностные слои 
610 1 |a закаленные стали 
610 1 |a упрочняющая обработка 
701 1 |a Kuznetsov  |b V. P.  |c specialist in the field of mechanical engineering  |c Professor of Tomsk Polytechnic University, doctor of technical sciences  |f 1953-  |g Viktor Pavlovich  |2 stltpush  |3 (RuTPU)RU\TPU\pers\35797 
701 1 |a Dmitriev  |b A. I.  |c physicist  |c engineer of Tomsk Polytechnic University, doctor of physical and mathematical sciences  |f 1972-  |g Andrey Ivanovich  |2 stltpush  |3 (RuTPU)RU\TPU\pers\35822 
701 1 |a Anisimova  |b G. S. 
701 1 |a Semenova  |b Yu. V. 
712 0 2 |a Национальный исследовательский Томский политехнический университет (ТПУ)  |b Институт кибернетики (ИК)  |b Кафедра технологии автоматизированного машиностроительного производства (ТАМП)  |h 1607  |2 stltpush  |3 (RuTPU)RU\TPU\col\18705 
801 2 |a RU  |b 63413507  |c 20161125  |g RCR 
856 4 |u http://dx.doi.org/10.1088/1757-899X/124/1/012022 
856 4 |u http://earchive.tpu.ru/handle/11683/33832 
942 |c CF